KOHA-Header-6

OCA Java SE 8 Programmer I Exam Guide (Record no. 12113)

000 -LEADER
fixed length control field 00316nam a22001337a 4500
020 ## - INTERNATIONAL STANDARD BOOK NUMBER
ISBN 978-93-5316-156-9
082 ## - DEWEY DECIMAL CLASSIFICATION NUMBER
Classification number 005.133
100 ## - MAIN ENTRY--AUTHOR NAME
Personal name Kathy Sierra
245 ## - TITLE STATEMENT
Title OCA Java SE 8 Programmer I Exam Guide
260 ## - PUBLICATION, DISTRIBUTION, ETC. (IMPRINT)
Place of publication New Delhi
Name of publisher McGraw Hill
Year of publication 2018
300 ## - PHYSICAL DESCRIPTION
Number of Pages 437
650 ## - SUBJECT ADDED ENTRY--TOPICAL TERM
Topical Term Computer Science
942 ## - ADDED ENTRY ELEMENTS (KOHA)
Koha item type Books
Holdings
Withdrawn status Lost status Collection code Permanent Location Current Location Shelving location Date acquired Full call number Accession Number Koha item type
    Computer Languages MAJU MAJU Shelf No.A33 2019-10-29 005.133 9375 Computer Languages

Powered by Koha